000 00422nam a22001697a 4500
003 MPLRDC
005 20220104170625.0
008 210129b ||||| |||| 00| 0 eng d
082 _a220.7 THI 2000
100 _aASHIN THITTILA
245 _aESSENTIAL THEMES OF BUDDHIST LECTURES
_c
250 _a初版
260 _a
_bWISDOM AUDIO VISUAL EXCHANGE
_c2000
300 _b
650 _a
942 _cBK
_o220.7 THI 2000
999 _c58042
_d58032